000 00619nam a2200193 a 4500
001 000031367
005 20200930062900.0
008 100217s193u dr a r 000 1 spa d
040 _aDO-SdBNP
_bspa
_cBNPHU
082 _aR 380.10257293
_bP515d
100 1 _aPeynado, Luis O.
_957797
245 1 0 _aDirectorio industrial y comercial /
_cLuis O. Peynado.
260 _aCiudad Trujillo :
_b[s.n.],
_c[193-?].
300 _a552 p. ;
_c25 cm.
500 _aIncluye índice
590 _aInventariado, 2018/YL
651 4 _aRepública Dominicana
_xIndustrias
_vDIRECTORIOS
_935383
910 _aValidado. Control de calidad MFF
999 _c30859
_d30859